000 00315nam a22001337a 4500
041 _aENG
100 _aTheory.E
245 _aStrength Of Materials Stephen Timoshenko Part 1
260 _aDelhi
_bCBS PUBlishers & Distributors
_c1986
300 _a440
650 _aFS
700 _aProblems
856 _uFS (36 )
999 _c860
_d860